header

Everywhere being is dancing (Record no. 507)

MARC details
000 -LEADER
fixed length control field 01295nam a2200349 a 4500
082 04 - DEWEY DECIMAL CLASSIFICATION NUMBER
Classification number 814/.54
100 1# - MAIN ENTRY--AUTHOR NAME
Personal name Bringhurst, Robert.
245 10 - TITLE STATEMENT
Title Everywhere being is dancing
260 ## - PUBLICATION, DISTRIBUTION, ETC. (IMPRINT)
Place of publication Berkeley, Calif. :
Name of publisher Counterpoint :
-- Distributed by Publishers Group West,
Year of publication c2009.
300 ## - PHYSICAL DESCRIPTION
Number of Pages 345 p. :
Other physical details ill.
500 ## - GENERAL NOTE
General note Includes index.
650 #0 - SUBJECT ADDED ENTRY--TOPICAL TERM
Topical Term Poetics.
Topical Term Poetry
Topical Term Ecology in literature.
856 40 - ELECTRONIC LOCATION AND ACCESS
Uniform Resource Identifier http://site.ebrary.com/lib/rucke/Doc?id=10288666

No items available.

© 2026 Rongo University
Contact us: librarian | system librarian | Rongo university